| 000 | 01337cam a22003377a 4500 | ||
|---|---|---|---|
| 001 | 14360072 | ||
| 005 | 20201124142810.0 | ||
| 008 | 060501s2005 onca b 001 0 eng | ||
| 020 | _a1845330803 | ||
| 035 | _a(CStRLIN)ONCGCN2005902202-B | ||
| 035 | _a(CaOONL)20059022027 | ||
| 040 |
_aCaOONL _beng _cCaOONL _dCaOONL _dDLC |
||
| 042 | _alccopycat | ||
| 050 | 0 | 0 |
_aTG15 _b.B68 2005 |
| 055 | 0 | 1 | _aTG15 |
| 055 | 0 | 0 |
_aTG15 _bB76 2005 fol. |
| 082 | 0 | 0 |
_a624.2 _222 _bBRO |
| 100 | 1 | _aBrown, David J. | |
| 245 | 1 | 0 |
_aBridges : _bThree Thousand Years of Defying Nature / _cDavid J. Brown. |
| 250 | _a[Revised edition] | ||
| 260 |
_aLondon : _bMitchell Beazley, _c2005. |
||
| 300 |
_a208 p. : _bill. (chiefly col.) ; _c26 cm. |
||
| 500 | _a"A Firefly book"-- T.p. verso. | ||
| 504 | _aIncludes bibliographical references (p. 204-205) and index. | ||
| 856 | 4 | 1 |
_3Table of contents only _uhttp://www.loc.gov/catdir/enhancements/fy0664/2006275390-t.html |
| 856 | 4 | 2 |
_3Contributor biographical information _uhttp://www.loc.gov/catdir/enhancements/fy0645/2006275390-b.html |
| 856 | 4 | 2 |
_3Publisher description _uhttp://www.loc.gov/catdir/enhancements/fy0645/2006275390-d.html |
| 942 |
_2ddc _cBB |
||
| 999 |
_c10782 _d10782 |
||